Single stage tyre building-Machinery for rubber industry (Record no. 68744)

MARC details
000 -LEADER
fixed length control field 00488nam a2200133Ia 4500
100 ## - MAIN ENTRY--AUTHOR NAME
Personal name Mihalik Peter
245 #0 - TITLE STATEMENT
Title Single stage tyre building-Machinery for rubber industry
260 ## - PUBLICATION, DISTRIBUTION, ETC. (IMPRINT)
Name of publisher Proceedings of the National Conference and Exposition on Rubber and Allied Materials. India Rub Tech Expo 2004. 13-14 February, 2004, Mysore.pp.433-435.
650 ## - SUBJECT ADDED ENTRY--TOPICAL TERM
Topical Term Green tyre
650 ## - SUBJECT ADDED ENTRY--TOPICAL TERM
Topical Term Rubber industry
650 ## - SUBJECT ADDED ENTRY--TOPICAL TERM
Topical Term Tyre building
942 ## - ADDED ENTRY ELEMENTS (KOHA)
Koha item type Journals
Holdings
Withdrawn status Lost status Damaged status Not for loan Home library Current library Shelving location Date acquired Koha item type
      Journals RRII Library RRII Library Rubber chemistry 17/12/2021 Journals